[Event "Challenge"]
[Site "http://www.queenalice.com/game.php?id=205975"]
[Date "2007.5.4"]
[Round "-"]
[White "Verlager"]
[Black "technicaldraw"]
[Result "0-1"]
[WhiteElo "1878"]
[BlackElo "2032"]

1. b4 e5 2. Bb2 Bxb4 3. Bxe5 Nf6 4. Nf3 d6 5. Bb2 Bg4 6. e3 O-O 7. a3 Ba5 8. Be2
Nc6 9. O-O Re8 10. c4 Ne5 11. d4 Bxf3 12. gxf3 Ng6 13. Nc3 Bxc3 14. Bxc3 Qd7 15.
Kh1 d5 16. Rg1 dxc4 17. Bxc4 Qc6 0-1

[Event "Challenge"]
[Site "http://www.queenalice.com/game.php?id=209494"]
[Date "2007.5.11"]
[Round "-"]
[White "wishyouwherehere"]
[Black "Verlager"]
[Result "1-0"]
[WhiteElo "1915"]
[BlackElo "1932"]

1. f4 e5 2. fxe5 d6 3. exd6 Bxd6 4. Nf3 Nh6 5. d4 Ng4 6. Qd3 O-O 7. Nc3 f5 8.
Bg5 Qe8 9. Nb5 Nc6 10. Nxd6 cxd6 11. h3 Qh5 12. Qb3+ Kh8 13. d5 Nce5 14. Be7 Re8
15. Bxd6 Nf7 16. Bf4 g5 17. Bd2 f4 18. Qa4 Nd6 19. Qd4+ Kg8 20. Bc3 1-0

[Event "Challenge"]
[Site "http://www.queenalice.com/game.php?id=213750"]
[Date "2007.5.20"]
[Round "-"]
[White "blikinn"]
[Black "Verlager"]
[Result "1/2-1/2"]
[WhiteElo "1956"]
[BlackElo "1932"]

1. d4 g6 2. Bf4 Bg7 3. e3 c5 4. c3 cxd4 5. exd4 Nf6 6. Nf3 O-O 7. Bc4 d6 8. h3
Nc6 9. O-O a6 10. Nbd2 b5 11. Bb3 Bb7 12. Re1 Re8 13. Ng5 e6 14. a3 h6 15. Nge4
Nxe4 16. Nxe4 e5 17. dxe5 dxe5 18. Be3 Na5 19. Bc2 Nc4 20. Qxd8 Raxd8 21. b3
Nxe3 22. Rxe3 Kh7 23. a4 Bc6 24. axb5 axb5 25. Ra7 Rd7 1/2-1/2

[Event "Challenge"]
[Site "http://www.queenalice.com/game.php?id=213752"]
[Date "2007.5.20"]
[Round "-"]
[White "Verlager"]
[Black "blikinn"]
[Result "1-0"]
[WhiteElo "1911"]
[BlackElo "1956"]

1. b4 e5 2. Bb2 d5 3. Bxe5 f6 4. Bb2 Bxb4 5. a3 Ba5 6. e3 Ne7 7. c4 Be6 8. cxd5
Bxd5 9. Qh5+ g6 10. Qh4 g5 11. Qa4+ Nbc6 12. Bxf6 Rg8 13. Nc3 Rg6 14. Bxe7 Kxe7
15. Nge2 b6 16. h4 Bxc3 17. dxc3 Ne5 18. O-O-O Qg8 19. Qd4 Qe6 20. hxg5 Rd8 21.
Nf4 1-0

[Event "Challenge"]
[Site "http://www.queenalice.com/game.php?id=214525"]
[Date "2007.5.22"]
[Round "-"]
[White "Verlager"]
[Black "EL_CHICO"]
[Result "1/2-1/2"]
[WhiteElo "1932"]
[BlackElo "1935"]

1. b4 e5 2. Bb2 Bxb4 3. Bxe5 Nf6 4. e3 Nc6 5. Bb2 O-O 6. a3 Be7 7. d4 d5 8. c4
Na5 9. Nd2 c6 10. Ngf3 Be6 11. Ne5 1/2-1/2

[Event "Challenge"]
[Site "http://www.queenalice.com/game.php?id=220718"]
[Date "2007.6.4"]
[Round "-"]
[White "marcosweck"]
[Black "Verlager"]
[Result "0-1"]
[WhiteElo "1842"]
[BlackElo "1935"]

1. e4 c5 2. Nf3 Nc6 3. c3 d5 4. exd5 Qxd5 5. Bb5 Bg4 6. Be2 e5 7. d3 O-O-O 8. h3
Bf5 9. c4 Qd7 10. O-O Bxd3 11. Bxd3 Qxd3 12. Qxd3 Rxd3 13. b3 f6 14. Nbd2 Nge7
15. Ne1 Rd7 16. Ne4 Nf5 17. Ba3 b6 18. Nf3 Be7 19. Rfd1 Rhd8 20. Rxd7 Rxd7 21.
Nc3 Nfd4 22. Ne1 Bf8 23. Nd5 Ne7 24. Ne3 Ndf5 25. Nxf5 Nxf5 26. Nf3 e4 27. Nh2
e3 28. fxe3 Nxe3 29. Rc1 Rd2 30. Re1 Rxg2+ 31. Kh1 Bd6 32. Nf3 Rxa2 33. Rxe3
Rxa3 34. Nh4 g6 35. Kg2 Kd7 36. Kf3 f5 37. Rd3 Ra2 38. Ng2 Rb2 39. Ne3 Rh2 40.
h4 Rxh4 0-1

[Event "Challenge"]
[Site "http://www.queenalice.com/game.php?id=229833"]
[Date "2007.6.24"]
[Round "-"]
[White "Verlager"]
[Black "Catao"]
[Result "1/2-1/2"]
[WhiteElo "1933"]
[BlackElo "1984"]

1. b4 Nf6 2. Bb2 d5 3. Nf3 e6 4. b5 c5 5. e3 Bd6 6. c4 Nbd7 7. Be2 O-O 8. O-O b6
9. d3 Bb7 10. Nbd2 Rc8 11. Qb3 Qc7 12. h3 Rfe8 13. a4 a5 14. Rac1 1/2-1/2

[Event "Challenge"]
[Site "http://www.queenalice.com/game.php?id=235988"]
[Date "2007.7.7"]
[Round "-"]
[White "serse"]
[Black "Verlager"]
[Result "0-1"]
[WhiteElo "2226"]
[BlackElo "1951"]

1. e4 e5 2. Nf3 Nc6 3. Bb5 Bb4 4. O-O Nge7 5. a3 Bd6 6. d4 exd4 7. Nxd4 O-O 8.
Be3 f5 9. Nc3 f4 10. Bc1 a6 11. Bc4+ Kh8 12. Nf3 Ne5 13. Bb3 N7g6 14. h3 Nxf3+
15. Qxf3 Be5 16. Rd1 d6 17. Rd3 Bf6 18. Qh5 Ne5 19. Rd1 g6 20. Qe2 f3 21. Qf1 c6
22. g4 Bg5 23. Rxd6 Qe7 24. Rd1 Bxc1 25. Nd5 Qh4 26. Nc7 Bxg4 27. Nd5 Bxh3 28.
Rd2 Qg5+ 29. Kh2 Bxf1 30. Ne3 Bxd2 31. Bc4 Bxe3 32. Bxf1 Qh4+ 33. Bh3 Ng4+ 34.
Kg1 Qg3+ 35. Kh1 Nxf2# 0-1

[Event "Challenge"]
[Site "http://www.queenalice.com/game.php?id=235989"]
[Date "2007.7.7"]
[Round "-"]
[White "Verlager"]
[Black "serse"]
[Result "1-0"]
[WhiteElo "1965"]
[BlackElo "2203"]

1. b4 e5 2. Bb2 Bxb4 3. Bxe5 Nf6 4. Nf3 Nc6 5. Bb2 d5 6. e3 O-O 7. c4 Be7 8.
cxd5 Nb4 9. a3 Nfxd5 10. axb4 Nxb4 11. d3 Qd6 12. Be2 Rd8 13. d4 Qg6 14. O-O Bh3
15. Ne1 Bf5 16. Nd2 a5 17. Nc4 Nc6 18. Nd3 Bf6 19. Bc3 a4 20. Nf4 Qg5 21. Rxa4
Rxa4 22. Qxa4 Bxd4 23. Qa1 Bxc3 24. Qxc3 Qe7 25. Bf3 Be4 26. Bxe4 Qxe4 27. f3
Qf5 28. Rc1 Qc5 29. Qa3 Qg5 30. Nb2 Ne5 31. Kh1 c6 32. Qb3 b5 33. Ne2 Qh6 34.
Qc3 Re8 35. Nd4 Kh8 36. Nf5 Qf6 37. e4 g6 38. Nd4 Kg7 39. h3 Re7 40. Ne2 c5 41.
f4 Nd7 42. e5 Qe6 43. Nd3 b4 44. Qc4 Qxc4 45. Rxc4 f6 46. Nxc5 fxe5 47. Nxd7
exf4 48. Nxf4 Rxd7 49. Rxb4 Kf6 50. Kh2 Rd6 51. Rb6 Rxb6 52. Nd5+ Ke5 53. Nxb6
Kf4 54. Nd7 h6 55. g3+ Kf5 56. Kg2 Ke6 57. Nc5+ Kd5 58. Na4 Ke4 59. Kf2 Ke5 60.
Kf3 Kf5 61. g4+ Kg5 62. Kg3 Kf6 63. Kf4 g5+ 64. Ke4 Ke6 65. Nc5+ Kf6 66. Kd5 Kg6
67. Ke6 Kg7 68. Kf5 Kf7 69. Ne4 Kg7 70. Ke6 Kf8 71. Ng3 1-0

[Event "Challenge"]
[Site "http://www.queenalice.com/game.php?id=236313"]
[Date "2007.7.8"]
[Round "-"]
[White "Verlager"]
[Black "toldowisk"]
[Result "1/2-1/2"]
[WhiteElo "1948"]
[BlackElo "2029"]

1. f4 d5 2. Nf3 g6 3. g3 Bg7 4. Bg2 Nf6 5. O-O c5 6. d3 Nc6 7. c3 O-O 8. Na3 a6
9. e4 dxe4 10. dxe4 Nxe4 11. Qe2 Nd6 12. Be3 Qc7 13. Bxc5 Bg4 14. Rfe1 b6 15.
Bf2 b5 16. h3 Bd7 17. Rad1 1/2-1/2

[Event "Let's play"]
[Site "http://www.queenalice.com/game.php?id=256967"]
[Date "2007.8.17"]
[Round "-"]
[White "Verlager"]
[Black "flint"]
[Result "1/2-1/2"]
[WhiteElo "1961"]
[BlackElo "2066"]

1. e4 e5 2. f4 d5 3. exd5 e4 4. d3 Nf6 5. dxe4 Nxe4 6. Nf3 Bc5 7. Qe2 Bf5 8. Nc3
Qe7 9. Be3 Nxc3 10. Bxc5 Nxe2 11. Bxe7 Nxf4 12. Ba3 Be4 13. O-O-O Bxd5 14. Bb5+
c6 15. Rhe1+ Kd8 16. Bc4 Nd7 17. Bxd5 Nxd5 18. c4 N5f6 19. Ne5 Kc7 20. Nxf7
1/2-1/2

[Event "Challenge"]
[Site "http://www.queenalice.com/game.php?id=260151"]
[Date "2007.8.23"]
[Round "-"]
[White "Macuei"]
[Black "Verlager"]
[Result "1-0"]
[WhiteElo "2161"]
[BlackElo "1978"]

1. e4 c5 2. Nf3 Nc6 3. d4 cxd4 4. Nxd4 Nf6 5. Nc3 e6 6. Ndb5 d6 7. Bg5 a6 8. Nd4
Be7 9. Be2 Bd7 10. O-O b5 11. Nxc6 Bxc6 12. Qd4 O-O 13. Rad1 Qb8 14. a3 Rd8 15.
Rd2 Qb7 16. Bf3 a5 17. b4 axb4 18. axb4 h6 19. Be3 Ra3 20. Rd3 Rda8 21. Bc1 Ra1
22. Bb2 Rxf1+ 23. Kxf1 Rc8 24. Rd1 e5 25. Qe3 Bd7 26. Be2 Be6 27. Ra1 Rc7 28.
Ra5 Bc4 29. Kg1 d5 30. Nxd5 Bxd5 31. Rxb5 1-0

[Event "Challenge"]
[Site "http://www.queenalice.com/game.php?id=260152"]
[Date "2007.8.23"]
[Round "-"]
[White "Verlager"]
[Black "Macuei"]
[Result "0-1"]
[WhiteElo "1969"]
[BlackElo "2168"]

1. e4 e5 2. f4 exf4 3. Nf3 g5 4. h4 g4 5. Ne5 Bg7 6. d4 Nf6 7. Bxf4 d6 8. Nd3
Nxe4 9. c3 O-O 10. Nd2 Qe7 11. Qe2 Re8 12. Nxe4 Qxe4 13. Qxe4 Rxe4+ 14. Kd2 Nc6
15. g3 Bf5 16. Bg2 Re7 17. Rae1 Rae8 18. Rxe7 Rxe7 19. h5 h6 20. Be3 Na5 21. b3
c5 22. Nf4 cxd4 23. Bxd4 Bxd4 24. cxd4 Rc7 25. Rc1 Rxc1 26. Kxc1 Nc6 27. Kb2
Nxd4 28. Bxb7 Kg7 29. Kc3 Ne6 30. Nd5 Nc5 31. Ne3 Kf6 32. Bd5 Ke5 33. b4 Ne4+
34. Bxe4 Kxe4 35. Nxf5 Kxf5 0-1

[Event "Challenge"]
[Site "http://www.queenalice.com/game.php?id=269335"]
[Date "2007.9.10"]
[Round "-"]
[White "Verlager"]
[Black "vanderleiboth"]
[Result "0-1"]
[WhiteElo "2004"]
[BlackElo "2105"]

1. e4 e5 2. f4 exf4 3. Nf3 g5 4. h4 g4 5. Ne5 Nf6 6. d4 d6 7. Nd3 Nxe4 8. Bxf4
Nc6 9. c3 Be7 10. Qe2 Nf6 11. Nd2 O-O 12. g3 Re8 13. O-O-O Bf5 14. Bg2 Bf8 15.
Qf1 Qd7 16. Bg5 Nh5 17. Bf4 Bg7 18. Nc4 h6 19. Rg1 Bg6 20. Bh1 Nf6 21. Kb1 Qf5
22. Ka1 Qe6 23. Ne3 Na5 24. d5 Qe7 25. Nc1 a6 26. Nb3 Nxb3+ 27. axb3 Qd8 28. Ka2
c5 29. Nc4 b5 30. Na3 Nh5 31. Rg2 Ra7 32. Rf2 Rae7 33. b4 cxb4 34. cxb4 Nxf4 35.
Rxf4 h5 36. Rf2 Re3 37. Qg1 a5 0-1

[Event "Challenge"]
[Site "http://www.queenalice.com/game.php?id=278991"]
[Date "2007.9.29"]
[Round "-"]
[White "anderson_amorim89"]
[Black "Verlager"]
[Result "0-1"]
[WhiteElo "1841"]
[BlackElo "1991"]

1. d4 d5 2. c4 e6 3. c5 b6 4. b4 a5 5. bxa5 bxc5 6. dxc5 Bxc5 7. Bd2 Qf6 8. Bc3
Qxf2+ 9. Kd2 e5 10. Nf3 Nc6 11. Kc2 Bf5+ 12. Kc1 Be3+ 13. Bd2 Nf6 14. Qa4 Bxd2+
15. Nbxd2 Qc5+ 16. Kd1 Rxa5 17. Qb3 O-O 18. Rc1 Qd6 19. g3 Rfa8 20. Nh4 Be4 21.
Bg2 Bxg2 22. Nxg2 Rxa2 23. Nh4 Nd4 24. Qe3 R8a3 25. Qf2 Rxd2+ 26. Kxd2 Qb4+ 27.
Kd1 Ne4 0-1

[Event "Challenge"]
[Site "http://www.queenalice.com/game.php?id=300867"]
[Date "2007.11.9"]
[Round "-"]
[White "guzanito"]
[Black "Verlager"]
[Result "1-0"]
[WhiteElo "2015"]
[BlackElo "2001"]

1. e4 c5 2. Nf3 Qc7 3. Nc3 Nc6 4. Bc4 e6 5. d3 a6 6. a4 Nf6 7. O-O Be7 8. Be3
O-O 9. Qd2 Rb8 10. Rfe1 Rd8 11. Bf4 d6 12. e5 Ng4 13. exd6 Bxd6 14. Bxd6 Qxd6
15. Ne4 Qe7 16. Qf4 b5 17. axb5 axb5 18. Qxg4 bxc4 19. dxc4 f5 20. Qf4 fxe4 21.
Rxe4 Rxb2 22. h3 Rxc2 23. Ra8 h6 24. Qe3 Qd6 25. Ne1 Rd2 26. f4 Rd4 27. Nf3 Rxe4
28. Qxe4 Nd4 29. Ne5 Ba6 30. Ra7 Qb6 31. Rxg7+ 1-0

[Event "Challenge"]
[Site "http://www.queenalice.com/game.php?id=320601"]
[Date "2007.12.15"]
[Round "-"]
[White "Crumbnick"]
[Black "Verlager"]
[Result "1-0"]
[WhiteElo "1966"]
[BlackElo "2004"]

1. d4 g6 2. e4 Bg7 3. Nf3 d6 4. Nc3 Nh6 5. Bf4 f5 6. Qd2 Nf7 7. O-O-O fxe4 8.
Nxe4 Nc6 9. Re1 Bg4 10. Nfg5 Nxd4 11. Nxf7 Kxf7 12. Be3 c5 13. c3 Rc8 14. Ng5+
Ke8 15. Bxd4 cxd4 16. Bb5+ 1-0

[Event "Challenge"]
[Site "http://www.queenalice.com/game.php?id=323993"]
[Date "2007.12.21"]
[Round "-"]
[White "HILITO"]
[Black "Verlager"]
[Result "0-1"]
[WhiteElo "2040"]
[BlackElo "1986"]

1. e4 c5 2. Nf3 Nc6 3. d4 cxd4 4. Nxd4 Nf6 5. Nc3 e6 6. Be3 Bb4 7. Bd3 d5 8. O-O
O-O 9. exd5 Nxd4 10. Bxd4 Nxd5 11. Qh5 f5 12. Nxd5 Qxd5 13. Be3 e5 14. b3 Qf7
15. Qe2 Be6 16. Bd2 Bxd2 17. Qxd2 e4 18. Be2 f4 19. f3 Rfd8 20. Qb4 e3 21. Rfd1
Qc7 22. c4 b6 23. Qc3 Kf7 24. Bd3 g6 25. Be4 Rxd1+ 26. Rxd1 Rd8 27. Rxd8 Qxd8
28. Qd3 Qh4 29. Qe2 Qf6 30. g4 Qd4 31. Kg2 Kf6 32. h4 Bxg4 0-1

[Event "Xadrez 8"]
[Site "http://www.queenalice.com/game.php?id=329596"]
[Date "2008.1.2"]
[Round "-"]
[White "Verlager"]
[Black "filipe_pinheiro"]
[Result "0-1"]
[WhiteElo "1992"]
[BlackElo "2025"]

1. b4 d5 2. Bb2 Qd6 3. a3 e5 4. e3 Nf6 5. Nf3 Nbd7 6. d4 e4 7. Ne5 Qe6 8. c4 c6
9. Nxd7 Bxd7 10. Qb3 Bd6 11. Nc3 Qf5 12. h3 O-O 13. Be2 Qg5 14. g4 dxc4 15. Bxc4
Qh4 16. O-O-O Qxf2 17. g5 Qxe3+ 18. Kb1 Qxg5 19. Rhg1 Qh4 20. d5 Be5 21. dxc6
bxc6 22. Na4 Bxb2 23. Qxb2 g6 24. Rd6 e3 25. Bd3 Be6 26. Nc5 Rae8 27. Nxe6 Rxe6
28. Rxe6 fxe6 0-1